Membrana celular y transporte /

Guardado en:
Autor Principal: Capozzo, A.
Otros Autores: Fernández, A
Formato: Libro
Publicado: Buenos Aires : Eudeba, 1997
Series:Cuadernos de Biología ; 3
Materias:
Etiquetas: Agregar Etiqueta
Sin Etiquetas, Sea el primero en etiquetar este registro!
LEADER 00784nam a22002295a 4500
001 CEM.cems016415
005 20090917170238.0
008 130507s1997##################000#0#####d
003 CEMS
020 |a 9502306414 
082 0 4 |a 574 
100 1 |a Capozzo, A. 
245 1 0 |a Membrana celular y transporte /  |c A. Capozzo, A Fernández 
260 |a Buenos Aires :  |b Eudeba,  |c 1997 
300 |a 33 p. 
490 0 |a Cuadernos de Biología ; 3 
505 0 |a Estructura de la membrana plasmática -- Transporte -- Otras membranas -- esquema de transporte 
653 |a Biología 
653 |a Célula-membrana plasmática 
700 1 |a Fernández, A 
859 |a CEMS  |b BIB. CEMS - Agricultura  |h 574  |i C173  |p A19718.98  |t Ej.1  |v 3  |3 3 
859 |a CEMS  |b BIB. CEMS - 11 de abril  |h 574  |i C176  |p 20173.98  |t Ej.1  |v 3  |3 3